00852pam a2200277 ia4500001001400000003000400014005001700018008004100035015001400076020002300090020003800113040002900151082001700180100003900197245004200236264005600278300004700334336002100381337002500402338002300427490002400450650003000474650001800504650002800522830002400550vtls000889841PNM20210323103151.0191106s2020 my a j 000 1 may  aM20-03148 a9789670975870qset a9789670975931cRM17.37qpaperback aBNMbengcBNMerdadPPAK04223a899.23330 aAinun Marziah Isa,d1970-eauthor.10aSesuci Kasih Ibu /cAinun Marziah Isa 1aKuching, Sarawak :bAnugerah Publications,c[2020?] a30 pages :bcolour illustrations ;c22 cm. atext2rdacontent aunmediated2rdamedia avolume2rdacarrier1 aIktibar Zaman Silam10aChildren's stories, Malay20aMalay fiction24aDidactic fiction, Malay 0aIktibar zaman silam